| 000 | 00950nam1a2200277 i 4500 | ||
|---|---|---|---|
| 001 | RU\NLR\BIBL_A\010546497 | ||
| 005 | 20240725013407.0 | ||
| 035 | _a(NLR Aleph) 010546497 | ||
| 090 |
_a10318640 _c10318640 |
||
| 100 | _a20140122g20139999um y0rusy50 ca | ||
| 101 | 0 | _arus | |
| 102 | _aRU | ||
| 105 | _a||||z|||||||| | ||
| 200 | 1 |
_aВзгляд из темноты _fПетр Масков |
|
| 210 |
_aМосква _cOnebook.ru _cСам Полиграфист _d2013 |
||
| 215 | _d21 | ||
| 300 | _aВ вып. дан и макете общ. загл.: Иван С. Взгляд из темноты | ||
| 517 | 1 | _aИван С. Взгляд из темноты | |
| 686 | 2 | _aШ6(2=Р)8-440.4 | |
| 700 | 1 |
_aМасков _bП.Ю. _gПетр Юрьевич |
|
| 852 |
_aNLR _j2014-3/1065 |
||
| 942 | _cBOOK | ||
| 980 | _aNBR | ||